ALL Cities in Rhode Island - Statistics

General Stats
  • This quiz has been taken 19 times
  • The average score is 17 of 39
Answer Stats
Hint Answer % Correct
P Providence
100%
W Warwick
86%
W Woonsocket
86%
C Cranston
79%
E East Providence
79%
P Pawtucket
79%
N Newport
71%
B Bristol
64%
W West Warwick
57%
N Narragansett
50%
B Barrington
43%
C Coventry
43%
C Cumberland
43%
E East Greenwich
43%
M Middletown
43%
N North Providence
43%
T Tiverton
43%
W Westerly
43%
C Central Falls
36%
J Jamestown
36%
P Portsmouth
36%
S Smithfield
36%
W Warren
36%
W West Greenwich
36%
B Burrillville
29%
J Johnston
29%
L Little Compton
29%
N North Kingstown
29%
N North Smithfield
29%
S Scituate
29%
C Charlestown
21%
E Exeter
21%
F Foster
21%
G Glocester
21%
H Hopkinton
21%
L Lincoln
21%
N New Shoreham
21%
R Richmond
21%
S South Kingstown
21%
No matching quizzes found
Score Distribution
Percent of People with Each Score
Percentile by Number Answered
Your Score History
You have not taken this quiz